Gelbe Dinge - Statistiken

Allgemein
  • Dieses Quiz wurde 63 mal gespielt
  • Das Durchschnittsergebnis liegt bei 7 aus 8
Antwortstatistiken
Bildquiz Hint Antwort % Korrekt
Sonne
100%
Zitrone
100%
Sonnenblume
98%
Tier Biene
95%
Eigelb
95%
Taxi
95%
Minions
90%
Auto der Firma Dhl Auto
11%
Keine übereinstimmenden Quizze gefunden
Verteilung der Resultate
Anzahl Personen mit jedem Resultat
Perzentil nach korrekt beantworteten Fragen
Ihre Resultats-Entwicklung
Sie haben dieses Quiz noch nicht gespielt